| 000 | 00689nam a2200205Ia 4500 | ||
|---|---|---|---|
| 001 | 5475 | ||
| 003 | GE_BSU | ||
| 008 | 181216s||||||||xx |||||||||||||| ||und|| | ||
| 040 | _cGE_BSU | ||
| 080 | _a517.553 | ||
| 100 | _aИгнациус Г.И. | ||
| 245 | _aТеория поля (математический анализ функций нескольких переменных). | ||
| 245 | _cРед. В.С. Захаров. | ||
| 260 | _aМосква | ||
| 260 | _bЗнание | ||
| 260 | _c1971 | ||
| 300 | _a112 с. 22 см. | ||
| 653 | _aТеория поля (математический анализ функций нескольких переменных). | ||
| 942 | _cBK | ||
| 999 |
_c39000 _d39000 |
||